Balanced instruction : strategies and skills in whole language /

Bibliographic Details
Other Authors: McIntyre, Ellen, Pressley, Michael
Format: Book
Language:English
Published: Norwood, MA : Christopher-Gordon Publishers, [1996]
Subjects:

MARC

Tag First Indicator Second Indicator Subfields
LEADER 00000cam a22000005a 4500
001 in00001312721
005 20151005063959.0
008 960626s1996 mauac b 001 0 eng d
020 |a 0926842560 
035 |a (OCoLC)34991523 
035 |9 AHC0691AM 
040 |a CDC  |c CDC  |d EXW  |d TXA  |d UtOrBLW 
049 |a TXAM 
090 |a LB1525.34  |b .B35 1996 
092 |a 372.414  |b M152C 
245 0 0 |a Balanced instruction :  |b strategies and skills in whole language /  |c Edited by Ellen McIntyre and Michael Pressley. 
264 1 |a Norwood, MA :  |b Christopher-Gordon Publishers,  |c [1996] 
264 4 |c ©1996 
300 |a xviii, 314 pages :  |b illustrations, portraits ;  |c 24 cm. 
336 |a text  |b txt  |2 rdacontent 
337 |a unmediated  |b n  |2 rdamedia 
338 |a volume  |b nc  |2 rdacarrier 
504 |a Includes bibliographical references and index. 
650 0 |a Reading (Primary)  |x Language experience approach. 
650 0 |a Reading (Primary) 
700 1 |a McIntyre, Ellen. 
700 1 |a Pressley, Michael. 
999 |a MARS 
999 f f |s 092f63d3-b89b-3cfe-8c93-e35165d339d9  |i b496cb3a-1475-33a8-bf44-0de8833f64db  |t 0 
952 f f |p normal  |a Texas A&M University  |b College Station  |c Sterling C. Evans Library  |d Evans: Library Stacks  |t 0  |e LB1525.34 .B35 1996  |h Library of Congress classification  |i unmediated -- volume  |m A14820324497 
998 f f |a LB1525.34 .B35 1996  |t 0  |l Evans: Library Stacks